Perfil estadístico básico: año 1995
Zapisane w:
| Korporacja: | |
|---|---|
| Format: | Książka |
| Język: | hiszpański |
| Wydane: |
Valparaíso
Universidad Católica de Valparaíso
1996
|
| Hasła przedmiotowe: | |
| Etykiety: |
Dodaj etykietę
Nie ma etykietki, Dołącz pierwszą etykiete!
|
MARC
| LEADER | 00000cam a2200000 a 4500 | ||
|---|---|---|---|
| 001 | UCF7206 | ||
| 003 | CL-VaPUC | ||
| 008 | 130613e19960000CL |||||||||||||||||spa|d | ||
| 082 | 0 | 4 | |a 378 |b UNI |2 21 |
| 110 | 2 | |a Universidad Católica de Valparaíso |e author |9 569211 | |
| 245 | 1 | 0 | |a Perfil estadístico básico: año 1995 |
| 300 | |a 148 p | ||
| 942 | |c BK | ||
| 945 | |d 20130613 00:00:00 |a dcastane | ||
| 260 | |a Valparaíso |b Universidad Católica de Valparaíso |c 1996 | ||
| 650 | 0 | |a Universidades chilenas |9 407335 | |
| 650 | 0 | |a Estadística |9 259535 | |
| 650 | 0 | |a Archivo histórico PUCV |9 255554 | |
| 583 | |a last modification |c 20130613 14:21:00 |k Rodrigo Vera | ||
| 999 | |c 352111 |d 352109 | ||
| 952 | |0 0 |1 0 |4 0 |6 378_000000000000000_UNI_1996 |7 0 |8 X |9 456662 |a FDOBUD |b FDOBUD |d 2019-11-22 |i 4977424 |o 378 UNI 1996 |p 4977424 |r 2019-11-22 |w 2019-11-22 |y BK_X |k FHP | ||